Statistics for Seven Continents Backwards

Click here to take the quiz!

General Stats

  • This quiz has been taken 45 times
  • The average score is 6 of 7

Answers on the Map

Answers color-coded by a green-red scale on the quiz's map according to % correct below.
 

Answer Stats

continent% Correct
acirfa
95%
aisa
95%
eporue
93%
acirema htron
83%
acirema htuos
75%
ainaeco
75%
acitcratna
50%

Score Distribution

Percentile by Number Answered

Percent of People with Each Score

Your Score History

You have not taken this quiz